[Event "Ch Pan-American (juniors)"]
[Site "masterchessopen.com Rancagua"]
[Round "2"]
[White "Playa Marcelo (ARG)"]
[Black "Escandon Federico (URU)"]
[Result "1-0"]
[WhiteElo "2385"]
[BlackElo "2145"]

1.e4 c5 2.Nc3 d6 3.Nf3 e6 4.d4 cxd4 5.Nxd4 Nf6 6.g3 Nc6 7.Bg2 Bd7 8.O-O Be7
9.Ndb5 Qb8 10.Bf4 Ne5 11.Bg5 a6 12.Bxf6 gxf6 13.Nd4 Qa7 14.Kh1 Rc8 15.Rb1 O-O
16.f4 Nc4 17.Rf3 Kh8 18.f5 Rg8 19.fxe6 fxe6 20.Bh3 f5 21.exf5 e5 22.Nd5 Bg5
23.Ne6 Bc6 24.f6 Ne3 25.Nxg5 Rxg5 26.Bxc8 Nxd1 27.f7 Nf2+ 28.Kg2 Bxd5 29.f8=Q+
Rg8 30.Qf6+ Rg7 31.Be6 Bxf3+ 32.Qxf3 {#r} 1-0

[Event "Ch Romania (team)"]
[Site "masterchessopen.com Romania"]
[Round "0"]
[White "Cioara Andrei Nestor (ROM)"]
[Black "Zetocha Claudiu (SVK)"]
[Result "0-1"]
[WhiteElo "2436"]
[BlackElo "2355"]

1.e4 c5 2.Nf3 e6 3.d4 cxd4 4.Nxd4 Nf6 5.Nc3 d6 6.g3 a6 7.Bg2 Qc7 8.O-O Be7
9.Be3 Nc6 10.Nxc6 bxc6 11.Na4 Bb7 12.c4 c5 13.Nc3 Nd7 14.f4 Bf6 15.Qd2 Rd8
16.Rad1 Nb8 17.Qf2 O-O 18.e5 Bxg2 19.Kxg2 dxe5 20.Bxc5 Rxd1 21.Rxd1 Rc8 22.Bd6
Qb7+ 23.Kg1 exf4 24.Qxf4 Qxb2 25.Ne4 Bd4+ 26.Kh1 Nd7 27.c5 f5 28.Qd2 Qxd2
29.Rxd2 e5 30.Ng5 Be3 {#R} 0-1

[Event "It"]
[Site "masterchessopen.com Akureyri (Iceland)"]
[Round "0"]
[White "Kristjansson Olafur (ISL)"]
[Black "Van Wely Loek (NED)"]
[Result "0-1"]
[WhiteElo "2173"]
[BlackElo "2560"]

1.e4 c5 2.Nf3 e6 3.d4 cxd4 4.Nxd4 Nf6 5.Nc3 d6 6.g3 Be7 7.Bg2 O-O 8.O-O a6
9.Kh1 Bd7 10.f4 Nc6 11.Be3 Nxd4 12.Qxd4 Bc6 13.Rad1 Qc7 14.Qb6 Qb8 15.a4 Nd7
16.Qb4 Re8 17.Qc4 Rc8 18.Qe2 b5 19.Bd4 b4 20.Nd5 Bf8 21.b3 exd5 22.exd5 Bb7
23.Qg4 Qc7 24.Be4 Re8 25.Qf3 Nc5 26.Bf5 g6 27.c3 Ne6 28.Bf6 gxf5 29.g4 Bg7
30.Bxg7 Nxg7 {#R} 0-1

[Event "Ch Argentina (juniors) (under 18)"]
[Site "masterchessopen.com Buenos Aires (Argentina)"]
[Round "2"]
[White "Celis Guillermo (ARG)"]
[Black "Maggiolo Sonia (ARG)"]
[Result "1-0"]
[WhiteElo "2042"]
[BlackElo "2060"]

1.e4 c5 2.Nf3 d6 3.d4 cxd4 4.Nxd4 Nf6 5.Nc3 e6 6.g3 a6 7.Bg2 Be7 8.Be3 Qc7
9.O-O Nc6 10.Qd2 Bd7 11.a4 Rc8 12.Nb3 Ne5 13.Qe2 Nc4 14.Bc1 b5 15.Re1 O-O
16.h3 b4 17.Nd1 Qa7 18.Be3 Nxe3 19.Nxe3 Bc6 20.Qd3 Qa8 21.Ng4 Nxg4 22.hxg4 Bf6
23.Nd4 Bb7 24.c4 bxc3 25.bxc3 Qa7 26.Rab1 Rc7 27.Rb3 Rfc8 28.Reb1 Ba8 29.Kh2
Rc4 30.Rb8 Qc7 31.Rxc8+ {#r} 1-0

[Event "Tournament"]
[Site "masterchessopen.com Denmark"]
[Round "4"]
[White "Kristensen Bjarke (DEN)"]
[Black "Hamann Svend (DEN)"]
[Result "1-0"]
[WhiteElo "2440"]
[BlackElo "2298"]

1.e4 c5 2.Nf3 e6 3.d4 cxd4 4.Nxd4 Nf6 5.Nc3 d6 6.g3 Be7 7.Bg2 O-O 8.O-O a6
9.Kh1 Nc6 10.f4 Bd7 11.b3 Qa5 12.Bb2 Nxd4 13.Qxd4 e5 14.Qd3 Rac8 15.a4 exf4
16.Nd5 Nxd5 17.exd5 f5 18.gxf4 Bf6 19.Bxf6 Rxf6 20.c4 Re8 21.b4 Qxb4 22.Rfb1
Qc5 23.Rxb7 Bc8 24.Rb8 Rff8 25.Rab1 Bd7 26.R8b7 Re3 27.Qd2 Bc8 28.R7b6 Rfe8
29.Rc6 Qa3 30.Qf2 a5 31.Rc7 Qc3 32.Rg1 Qf6 33.Rxc8 {#r} 1-0

[Event "Ch Europe (juniors) (under 18)"]
[Site "masterchessopen.com Hania (Greece)"]
[Round "5"]
[White "Kulaots Kaido (EST)"]
[Black "Lepelletier Benoit (FRA)"]
[Result "0-1"]
[WhiteElo "2592"]
[BlackElo "2245"]

1.e4 c5 2.Nf3 e6 3.d4 cxd4 4.Nxd4 Nf6 5.Nc3 d6 6.g3 Be7 7.Bg2 a6 8.O-O Qc7
9.Be3 Nc6 10.Nxc6 bxc6 11.Na4 O-O 12.c4 Nd7 13.f4 Bb7 14.Nc3 Rad8 15.Qe2 Rfe8
16.Rad1 Bf6 17.g4 Bxc3 18.bxc3 a5 19.g5 Ba6 20.Rf3 d5 21.Rh3 Bxc4 22.Qh5 Nf8
23.f5 dxe4 24.Rxd8 Rxd8 25.g6 fxg6 26.fxg6 h6 27.Bxh6 gxh6 {#R} 0-1

[Event "Ch Israel (w)"]
[Site "masterchessopen.com Israel"]
[Round "0"]
[White "Srumin Galina (ISR)"]
[Black "Levy Mauricio"]
[Result "1-0"]
[WhiteElo "2081"]
[BlackElo "2200"]

1.e4 c5 2.Nf3 d6 3.d4 cxd4 4.Nxd4 Nf6 5.Nc3 e6 6.g3 Be7 7.Bg2 O-O 8.O-O Nc6
9.Be3 Bd7 10.Qe2 a6 11.Rad1 Qc7 12.f4 Nxd4 13.Bxd4 e5 14.Be3 exf4 15.Rxf4 Be6
16.Nd5 Nxd5 17.exd5 Bd7 18.Bd4 Bg5 19.Rf2 Rae8 20.Qd3 f5 21.c4 f4 22.Be4 Rxe4
23.Qxe4 Bf5 24.Qe2 Qd7 25.Re1 Bg4 26.Qd3 Qf7 27.h4 Bf5 28.Qc3 Bh6 29.gxf4 Qh5
30.Qg3 g6 31.b3 b5 32.Bb2 bxc4 33.bxc4 Rb8 34.Rg2 {#r} 1-0

[Event "Ch Yugoslavia (open)"]
[Site "masterchessopen.com Kladovo (Yugoslavia)"]
[Round "5"]
[White "Matulovic Milan (SRB)"]
[Black "Dragojlovic Andjelko (SRB)"]
[Result "1-0"]
[WhiteElo "2455"]
[BlackElo "2381"]

1.e4 c5 2.Nf3 d6 3.d4 cxd4 4.Nxd4 Nf6 5.Nc3 e6 6.g3 Be7 7.Bg2 O-O 8.O-O a6
9.Be3 Qc7 10.g4 Nc6 11.g5 Nd7 12.f4 Nxd4 13.Bxd4 Re8 14.Kh1 b5 15.f5 b4
16.fxe6 fxe6 17.Qh5 Rf8 18.Bxg7 Ne5 19.Bxf8 Bxf8 20.Rxf8+ Kxf8 21.Rf1+ {#r}
1-0

[Event "Olympiad"]
[Site "masterchessopen.com Moscow (Russia)"]
[Round "10"]
[White "Van Riemsdijk Herman C (BRA)"]
[Black "Situru Nathanael (INA)"]
[Result "1-0"]
[WhiteElo "2420"]
[BlackElo "2415"]

1.e4 c5 2.Nf3 e6 3.d4 cxd4 4.Nxd4 Nf6 5.Nc3 d6 6.g3 Bd7 7.Bg2 Nc6 8.O-O a6
9.b3 Be7 10.Nce2 b5 11.Bb2 Rc8 12.Qd2 O-O 13.Rfd1 Qb6 14.h3 Rfd8 15.Rac1 Be8
16.c4 bxc4 17.Rxc4 Qb8 18.Rdc1 Nxd4 19.Nxd4 Rxc4 20.Rxc4 d5 21.exd5 Nxd5
22.Bxd5 exd5 23.Rc6 Qb7 24.Nf5 Bxc6 25.Bxg7 Qb4 26.Bc3 Qe4 27.Qh6 {#r} 1-0

[Event "It (open)"]
[Site "masterchessopen.com St. Ingbert (Germany)"]
[Round "4"]
[White "Galdunts Sergey (ARM)"]
[Black "Pax Horst Dr (GER)"]
[Result "1-0"]
[WhiteElo "2475"]
[BlackElo "2146"]

1.e4 c5 2.Nc3 e6 3.Nf3 d6 4.d4 cxd4 5.Nxd4 Nf6 6.g3 a6 7.Bg2 Qc7 8.O-O Be7
9.Be3 Nc6 10.f4 O-O 11.a4 Na5 12.Kh1 Nc4 13.Bc1 Rb8 14.g4 Re8 15.g5 Nd7 16.Rf3
g6 17.b3 Na5 18.h4 Nc6 19.Bb2 Bf8 20.Nde2 Bg7 21.h5 b6 22.Rd3 Bf8 23.hxg6 fxg6
24.Rh3 Bb7 25.Nd5 exd5 26.Qxd5+ {#r} 1-0

[Event "Cup European Club"]
[Site "masterchessopen.com Strasbourg (France)"]
[Round "0"]
[White "Spice Alan (WLS)"]
[Black "Roos Louis (FRA)"]
[Result "0-1"]
[WhiteElo "2125"]
[BlackElo "2440"]

1.Nc3 c5 2.Nf3 e6 3.d4 cxd4 4.Nxd4 Nf6 5.e4 d6 6.g3 Be7 7.Bg2 a6 8.O-O O-O
9.f4 Qc7 10.a4 Nc6 11.Nb3 Rd8 12.Qe2 d5 13.e5 Nd7 14.Be3 Nb6 15.Bxb6 Qxb6+
16.Kh1 Bb4 17.Rad1 Ne7 18.g4 Bd7 19.a5 Qc7 20.Rd3 Ng6 21.Rh3 Rac8 22.Qf2 Be7
23.Rd1 f6 24.Rxd5 exd5 25.f5 Nxe5 26.Qh4 h6 27.Bxd5+ Kh8 28.Nd4 Qd6 29.Nde2
Rxc3 30.Nxc3 Bc6 {#R} 0-1

[Event "It (open)"]
[Site "masterchessopen.com Castellar (Spain)"]
[Round "3"]
[White "Hernandez Amaury (CUB)"]
[Black "Vehi Bach Victor M (ESP)"]
[Result "0-1"]
[WhiteElo "2136"]
[BlackElo "2445"]

1.e4 c5 2.Nf3 e6 3.d4 cxd4 4.Nxd4 Nf6 5.Nc3 d6 6.g3 Be7 7.Bg2 O-O 8.O-O a6
9.Be3 Qc7 10.h3 Nc6 11.Qe2 Rb8 12.Rad1 Nxd4 13.Bxd4 e5 14.Ba7 Ra8 15.Be3 Be6
16.Nd5 Nxd5 17.exd5 Bd7 18.c4 Rac8 19.b3 b5 20.Rc1 Qa5 21.f4 Bf6 22.Be4 bxc4
23.bxc4 h6 24.Rf2 exf4 25.gxf4 Rfe8 26.Qf3 Qa3 27.Re2 Bd4 28.Bxd4 Qxc1+ 29.Kh2
Qxc4 30.Bb2 {#R} 0-1

[Event "It (open)"]
[Site "masterchessopen.com Copenhagen (Denmark)"]
[Round "3"]
[White "Karlsen Arne (DEN)"]
[Black "Isaksen Brian (DEN)"]
[Result "0-1"]
[WhiteElo "2023"]
[BlackElo "2078"]

1.e4 c5 2.Nf3 e6 3.d4 cxd4 4.Nxd4 Nf6 5.Nc3 d6 6.g3 Nc6 7.Be3 Bd7 8.Bg2 a6
9.O-O Rc8 10.f4 Qc7 11.g4 Nxd4 12.Qxd4 Nxg4 13.Kh1 Nxe3 14.Qxe3 Be7 15.f5 Qc5
16.Qh3 Bf6 17.e5 Bxe5 18.Ne4 Qxc2 19.f6 gxf6 20.Rxf6 Rg8 21.Rf2 Rxg2 22.Qxg2
Qxe4 23.Qxe4 Bc6 24.Qxc6+ Rxc6 25.Rg1 Bd4 26.Rg8+ Ke7 27.Rd2 Rc1+ {#R} 0-1

[Event "Ch Spain (team)"]
[Site "masterchessopen.com Cordoba (Spain)"]
[Round "7"]
[White "Campora Daniel H (ARG)"]
[Black "Suba Mihai (ROM)"]
[Result "1-0"]
[WhiteElo "2550"]
[BlackElo "2485"]

1.e4 c5 2.Nf3 d6 3.d4 Nf6 4.Nc3 cxd4 5.Nxd4 e6 6.g3 a6 7.Bg2 Qc7 8.O-O Be7
9.f4 O-O 10.g4 Nc6 11.Nxc6 bxc6 12.g5 Nd7 13.f5 Re8 14.f6 Bf8 15.fxg7 Bxg7
16.Ne2 a5 17.Nf4 Ba6 18.Rf3 Qb6+ 19.Kh1 Qd4 20.Qe1 Ne5 21.Rg3 Ng6 22.Nh5 Rab8
{#r} 1-0

[Event "n) (b"]
[Site "masterchessopen.com Eger (Hungary)"]
[Round "0"]
[White "Mokosch Andreas (GER)"]
[Black "Sergienko Sergey (RUS)"]
[Result "0-1"]
[WhiteElo "2209"]
[BlackElo "2400"]

1.e4 c5 2.Nf3 e6 3.d4 cxd4 4.Nxd4 Nf6 5.Nc3 d6 6.g3 Nc6 7.Bg2 Bd7 8.O-O a6
9.Kh1 Be7 10.f4 O-O 11.Be3 Qc7 12.a4 Rac8 13.Nb3 b6 14.Rf2 Na5 15.Nxa5 bxa5
16.Rd2 Bc6 17.Qe2 Rb8 18.Rb1 Rb4 19.Qxa6 Nxe4 20.Nxe4 Bxe4 21.b3 Ra8 22.Qe2
Bf6 23.Rbd1 d5 24.Bd4 Bxd4 25.Bxe4 Bc3 26.Bxd5 exd5 27.Rxd5 h6 28.h4 Rc8
29.Rd7 Qc6+ 30.Kh2 Bf6 31.R1d2 Re4 {#R} 0-1

[Event "It (open)"]
[Site "masterchessopen.com Formia (Italy)"]
[Round "0"]
[White "Tatai Stefano (ITA)"]
[Black "Palac Mladen (CRO)"]
[Result "0-1"]
[WhiteElo "2435"]
[BlackElo "2515"]

1.e4 c5 2.Nf3 d6 3.d4 cxd4 4.Nxd4 Nf6 5.Nc3 e6 6.g3 a6 7.Bg2 Qc7 8.O-O Be7
9.a4 Nc6 10.Nb3 b6 11.f4 O-O 12.Kh1 Bb7 13.g4 Rfe8 14.g5 Nd7 15.Qh5 Nb4 16.Nd4
g6 17.Qh3 e5 18.fxe5 Nxe5 19.Bf4 Bf8 20.Nd5 Nxd5 21.exd5 Qc4 22.Bxe5 Rxe5
23.Nc6 Rxd5 24.Qd7 Bxc6 25.Qxf7+ Kh8 26.b3 Qc5 27.Qc7 Re8 28.c4 Ba8 29.Qa7 Rd2
30.Bxa8 Qxg5 31.Bf3 Qh4 32.Bg2 Rxg2 33.Kxg2 {#R} 0-1

[Event "Bundesliga (2nd) North 1994/95"]
[Site "masterchessopen.com Germany"]
[Round "0"]
[White "Postler Reinhard (GER)"]
[Black "Wilhelmi Christian (GER)"]
[Result "1-0"]
[WhiteElo "2330"]
[BlackElo "2315"]

1.e4 c5 2.Nf3 d6 3.d4 cxd4 4.Nxd4 Nf6 5.Nc3 e6 6.g3 Nc6 7.Bg2 Bd7 8.O-O a6
9.a4 Be7 10.h3 O-O 11.Re1 Nxd4 12.Qxd4 Bc6 13.a5 Rc8 14.Be3 d5 15.exd5 Nxd5
16.Nxd5 Bxd5 17.Bxd5 Bf6 18.Qd3 exd5 19.c3 Qd7 20.Rad1 Qxh3 21.Qxd5 h5 22.Qd7
Qxd7 23.Rxd7 Rfd8 24.Red1 Rxd7 25.Rxd7 Rd8 26.Rxb7 Rd5 27.b4 Bxc3 28.b5 Rd6
29.Rb6 Rd1+ 30.Kg2 Bxa5 31.Rb8+ {#r} 1-0

[Event "It (open)"]
[Site "masterchessopen.com Hastings (England)"]
[Round "9"]
[White "McKenna Jason (ENG)"]
[Black "Roberts Paul (SCO)"]
[Result "0-1"]
[WhiteElo "2104"]
[BlackElo "2215"]

1.e4 c5 2.Nf3 e6 3.d4 cxd4 4.Nxd4 Nf6 5.Nc3 d6 6.g3 a6 7.Bg2 Qc7 8.O-O Bd7
9.Be3 Nc6 10.Qe2 Be7 11.Rad1 O-O 12.Nb3 b5 13.a3 Rac8 14.f4 b4 15.axb4 Nxb4
16.g4 Qc4 17.g5 Qxe2 18.Nxe2 Ng4 19.Bd2 Nxc2 20.Rf3 Ba4 21.Nec1 Bd8 22.Ba5
Bxa5 23.Nxa5 Nge3 {#R} 0-1

[Event "It (open)"]
[Site "masterchessopen.com Isle of Man (Great Britain)"]
[Round "6"]
[White "Spanton Timothy (ENG)"]
[Black "Buckley Graeme (ENG)"]
[Result "0-1"]
[WhiteElo "1980"]
[BlackElo "2355"]

1.e4 c5 2.Nf3 e6 3.d4 cxd4 4.Nxd4 Nf6 5.Nc3 d6 6.g3 Be7 7.Bg2 O-O 8.O-O Bd7
9.h3 Nc6 10.Nde2 Rb8 11.a4 a6 12.Be3 Qc7 13.Qd2 b5 14.axb5 axb5 15.f4 b4
16.Nd1 b3 17.c3 Na5 18.Nd4 Nc4 19.Qf2 d5 20.e5 Ne4 21.Bxe4 dxe4 22.Qe2 f6
23.Qg4 Rf7 24.Nxe6 Nxe3 25.Nxc7 Bxg4 26.Nxe3 Bxh3 27.Rfd1 fxe5 28.fxe5 Bc5
29.Kh2 Bxe3 30.Nd5 Bg4 31.Re1 Bf2 32.Rxe4 Bf3 33.e6 Bxe4 34.exf7+ Kf8 {#R} 0-1

[Event "It (open)"]
[Site "masterchessopen.com Kavala (Greece)"]
[Round "8"]
[White "Markidis Konstantinos (GRE)"]
[Black "Halkias Stelios (GRE)"]
[Result "0-1"]
[WhiteElo "2286"]
[BlackElo "2235"]

1.e4 c5 2.Nf3 e6 3.d4 cxd4 4.Nxd4 Nf6 5.Nc3 d6 6.g3 Be7 7.Bg2 a6 8.O-O Qc7
9.a4 Nc6 10.Nb3 b6 11.Qe2 O-O 12.f4 Rb8 13.Be3 Na5 14.Nxa5 bxa5 15.Rab1 Rb4
16.h3 Nd7 17.Bd2 Bf6 18.Kh2 Bb7 19.Rfe1 Rb8 20.f5 Bc8 21.fxe6 fxe6 22.Nd1 Rxa4
23.c3 Ne5 24.Rf1 Ra2 25.Qh5 g6 26.Qe2 Bg7 27.Bf4 Bd7 {#R} 0-1

[Event "It"]
[Site "masterchessopen.com Long Island (USA)"]
[Round "2"]
[White "Simpson Ronald (USA)"]
[Black "Goregliad Sergei (USA)"]
[Result "1-0"]
[WhiteElo "2295"]
[BlackElo "2320"]

1.e4 c5 2.Nf3 e6 3.d4 cxd4 4.Nxd4 Nf6 5.Nc3 d6 6.g3 Nc6 7.Bg2 Be7 8.Nxc6 bxc6
9.e5 Nd5 10.exd6 Qxd6 11.O-O Ba6 12.Ne4 Qc7 13.Re1 O-O 14.c3 Rfd8 15.Qh5 Bd3
16.Qf3 Bb5 17.Ng5 Bf8 18.c4 h6 19.cxd5 hxg5 20.dxe6 fxe6 21.Bxg5 Rd5 22.Bf4
Bd6 23.Qe3 Rd3 24.Qxe6+ Kh8 25.Qh3+ Kg8 26.Be4 {#r} 1-0

[Event "It (open) (juniors)"]
[Site "masterchessopen.com Plzen (Czech Republic)"]
[Round "5"]
[White "Fuksik Jakub (CZE)"]
[Black "Soln Primoz (SLO)"]
[Result "0-1"]
[WhiteElo "2145"]
[BlackElo "2280"]

1.e4 c5 2.Nf3 e6 3.d4 cxd4 4.Nxd4 Nf6 5.Nc3 d6 6.g3 a6 7.Bg2 Qc7 8.O-O Be7
9.f4 O-O 10.g4 Nc6 11.Nxc6 bxc6 12.g5 Nd7 13.Be3 Re8 14.f5 exf5 15.exf5 Bf8
16.Bd4 Ne5 17.Ne4 Rb8 18.Qh5 c5 19.Bc3 Bb7 20.Rf4 d5 21.Rh4 h6 22.Nf2 d4
23.Bd2 Bxg2 24.Kxg2 Qc6+ 25.Kg3 g6 26.fxg6 fxg6 27.Qd1 Bd6 28.Ne4 Nc4+ 29.Nxd6
Nxd6 30.Rxh6 Ne4+ 31.Kh4 Nf2 32.Qf1 Re4+ 33.Kg3 Rg4+ 34.Kxf2 Rf8+ 35.Ke2 Qe4+
{#R} 0-1

[Event "It (open)"]
[Site "masterchessopen.com Sao Paulo (Brazil)"]
[Round "6"]
[White "Pereira Silvio C (BRA)"]
[Black "Dias Anderson T (BRA)"]
[Result "1-0"]
[WhiteElo "2225"]
[BlackElo "2255"]

1.e4 c5 2.Nf3 e6 3.d4 cxd4 4.Nxd4 Nf6 5.Nc3 d6 6.g3 Nc6 7.Bg2 Bd7 8.Ndb5 Qb8
9.a4 a6 10.Nd4 Nxd4 11.Qxd4 Be7 12.a5 Bc6 13.Na4 Qc7 14.Nb6 Rd8 15.O-O O-O
16.c4 Nd7 17.Nxd7 Qxd7 18.Rd1 Rfe8 19.Be3 Ba4 20.Rd2 Bc6 21.Qb6 Qc8 22.b4 Rd7
23.b5 Bd8 24.bxc6 bxc6 25.Qb4 {#r} 1-0

[Event "Ch Europe (juniors) (under 16) (g)"]
[Site "masterchessopen.com Zagan (Poland)"]
[Round "9"]
[White "Kiss Fernanda (HUN)"]
[Black "Shabanova Svetlana (RUS)"]
[Result "0-1"]
[WhiteElo "2130"]
[BlackElo "2120"]

1.e4 c5 2.Nf3 e6 3.d4 cxd4 4.Nxd4 Nf6 5.Nc3 d6 6.g3 Be7 7.Bg2 O-O 8.O-O Nc6
9.Nxc6 bxc6 10.f4 d5 11.g4 Bc5+ 12.Kh1 Ba6 13.e5 Bxf1 14.Bxf1 Ne4 15.Qf3 Nf2+
16.Kg2 Qh4 17.h3 Ne4 18.Nd1 f6 19.Bd3 Rad8 20.b4 Bxb4 21.Rb1 Nd2 22.Bxd2 Bxd2
23.Rb7 fxe5 24.f5 e4 25.Qe2 Bf4 26.Ba6 Qg3+ 27.Kf1 Qxh3+ 28.Kg1 exf5 {#R} 0-1

[Event "It (open)"]
[Site "masterchessopen.com Bern (Switzerland)"]
[Round "8"]
[White "Gast Jonathan (SUI)"]
[Black "Schaefer Michael (GER)"]
[Result "0-1"]
[WhiteElo "2209"]
[BlackElo "2210"]

1.e4 c5 2.Nf3 e6 3.Nc3 d6 4.d4 cxd4 5.Nxd4 Nf6 6.g3 Be7 7.Bg2 O-O 8.O-O a6
9.a4 Qc7 10.a5 Nc6 11.Nxc6 bxc6 12.Be3 Nd7 13.Na4 c5 14.Qd2 Rb8 15.c3 Rb5
16.Rfd1 Rxa5 17.c4 Ne5 18.Qc2 Bd7 19.b3 Nc6 20.Bd2 Bf6 21.Bxa5 Qxa5 22.Ra2 Nd4
23.Qd3 Rb8 24.Rb1 g6 25.Nc3 Qb4 26.Kh1 Qb6 27.Ra3 Bc6 28.h4 Bb7 29.Kh2 Nc6
30.Ra2 Nb4 {#R} 0-1

[Event "It (open)"]
[Site "masterchessopen.com Corsico (Italy)"]
[Round "1"]
[White "Bonazzi Edoardo (ITA)"]
[Black "Valenti Giuseppe (ITA)"]
[Result "0-1"]
[WhiteElo "2131"]
[BlackElo "2215"]

1.e4 c5 2.Nf3 e6 3.d4 cxd4 4.Nxd4 Nf6 5.Nc3 d6 6.g3 Be7 7.Bg2 a6 8.O-O Qc7
9.g4 O-O 10.g5 Nfd7 11.f4 Nc6 12.Nxc6 bxc6 13.Rf3 Re8 14.Rh3 g6 15.Be3 Rb8
16.Rb1 Bf8 17.Qd2 Bg7 18.Nd1 Nf8 19.Qd3 c5 20.c4 d5 21.b3 dxc4 22.Qxc4 e5
23.Rf3 Bg4 24.Rf1 exf4 25.Bxf4 Be5 26.Bxe5 Rxe5 27.h4 Rb4 28.Qxa6 Rexe4 29.Nc3
Bc8 30.Qf6 Rxh4 31.Rf3 Qh2+ 32.Kf2 Rbf4 33.Rh1 Rxf6 {#R} 0-1

[Event "Ch France (team) (juniors) (under 18)"]
[Site "masterchessopen.com France"]
[Round "9"]
[White "Greter Guillaume"]
[Black "Bramme Emmanuelle (FRA)"]
[Result "0-1"]
[WhiteElo "1630"]
[BlackElo "2035"]

1.e4 c5 2.Nf3 e6 3.d4 cxd4 4.Nxd4 Nf6 5.Nc3 d6 6.g3 a6 7.Bg2 Be7 8.Be3 e5
9.Nb3 Nc6 10.O-O O-O 11.a3 Ng4 12.Nd5 Nxe3 13.Nxe3 Be6 14.Nd5 Rc8 15.Rc1 b5
16.f4 exf4 17.Nxf4 Bc4 18.Re1 Bf6 19.c3 Ne5 20.Nd2 Be6 21.Nxe6 fxe6 22.Bh3
Qb6+ 23.Kh1 Nd3 24.Rf1 Rce8 25.Rc2 Nf2+ 26.Rxf2 Qxf2 27.Nc4 Qc5 28.Nxd6 Re7
29.Rd2 Be5 30.Kg2 Qc7 31.Rd3 Qc6 32.Kg1 Bxd6 33.Rxd6 Qxe4 34.Rxa6 Qe3+ 35.Kh1
Rd7 {#R} 0-1

[Event "Bayern Landesliga South"]
[Site "masterchessopen.com Germany"]
[Round "3"]
[White "Hartl Aldo (GER)"]
[Black "Wehr Stephan"]
[Result "0-1"]
[WhiteElo "2115"]
[BlackElo "2165"]

1.e4 c5 2.Nf3 e6 3.d4 cxd4 4.Nxd4 Nf6 5.Nc3 d6 6.g3 Be7 7.Bg2 O-O 8.O-O a6
9.g4 Nc6 10.Nxc6 bxc6 11.g5 Nd7 12.Qh5 e5 13.f4 exf4 14.h4 Ne5 15.Bf3 g6 {#R}
0-1

[Event "Verbandsliga North 1995/96"]
[Site "masterchessopen.com Germany"]
[Round "8"]
[White "Hanisch Joerg (GER)"]
[Black "Jacob Volker (GER)"]
[Result "0-1"]
[WhiteElo "2214"]
[BlackElo "2246"]

1.e4 c5 2.Nf3 e6 3.d4 cxd4 4.Nxd4 Nf6 5.Nc3 d6 6.g3 Be7 7.Bg2 O-O 8.O-O a6
9.a4 Qc7 10.Be3 Nc6 11.f4 Na5 12.Qe2 Nc4 13.Bc1 Qc5 14.Rd1 e5 15.b4 Qxb4
16.Nd5 Nxd5 17.exd5 exd4 18.Qxe7 Bf5 19.Re1 h6 20.Bf1 Rfe8 21.Qxe8+ Rxe8
22.Rxe8+ Kh7 23.Re2 Qc3 24.Ra2 d3 25.cxd3 Bxd3 26.Ba3 Bxe2 {#R} 0-1

[Event "Ch Hungary (team) 1996/97 (2 liga)"]
[Site "masterchessopen.com Hungary"]
[Round "2"]
[White "Videki Sandor (HUN)"]
[Black "Dudas Janos (HUN)"]
[Result "1-0"]
[WhiteElo "2405"]
[BlackElo "2395"]

1.e4 c5 2.Nf3 e6 3.d4 cxd4 4.Nxd4 Nf6 5.Nc3 d6 6.g3 Nc6 7.Bg2 Bd7 8.O-O a6
9.a4 Qc7 10.Nb3 b6 11.f4 Be7 12.Be3 Rb8 13.g4 h6 14.Qe2 Bc8 15.Rae1 Bb7 16.Kh1
Nb4 17.Bd4 e5 18.Be3 Nd7 19.Qf2 O-O 20.Re2 Bc6 21.Qg3 Rfe8 22.g5 hxg5 23.fxg5
Nxc2 24.Qf2 Nxe3 25.Qxf7+ Kh8 26.Qh5+ Kg8 27.Rxe3 Rf8 28.Rh3 Rf4 29.g6 Bh4
30.Rxf4 {#r} 1-0

[Event "Ch Israel (w)"]
[Site "masterchessopen.com Jerusalem (Israel)"]
[Round "2"]
[White "Srumin Galina (ISR)"]
[Black "Yudasina Irina (ISR)"]
[Result "0-1"]
[WhiteElo "2081"]
[BlackElo "1986"]

1.e4 c5 2.Nf3 e6 3.d4 cxd4 4.Nxd4 Nf6 5.Nc3 d6 6.g3 Be7 7.Bg2 O-O 8.O-O Nc6
9.Be3 Nxd4 10.Bxd4 Bd7 11.f4 Bc6 12.Qe2 a6 13.Rad1 Qc7 14.f5 e5 15.Be3 b5
16.a3 Qb7 17.Bc1 a5 18.Nd5 Nxd5 19.exd5 Bd7 20.Be4 f6 21.Qh5 Rfc8 22.g4 Be8
23.Qh4 Rc4 24.Rfe1 Bd8 25.Rd3 h6 26.Rh3 Rac8 27.c3 b4 28.axb4 axb4 29.Bd2 Bb6+
30.Kf1 Rxe4 31.Rxe4 Qxd5 32.Qe1 Bb5+ 33.Kg2 Rc4 34.Kf3 Bc6 {#R} 0-1

[Event "Ch Slovenia (juniors) (under 18)"]
[Site "masterchessopen.com Kranj (Slovenia)"]
[Round "7"]
[White "Zeljko Tadej (SLO)"]
[Black "Soln Primoz (SLO)"]
[Result "0-1"]
[WhiteElo "2073"]
[BlackElo "2330"]

1.e4 c5 2.Nf3 e6 3.d4 cxd4 4.Nxd4 Nf6 5.Nc3 d6 6.g3 a6 7.Bg2 Qc7 8.O-O Be7
9.Qd2 Nc6 10.b3 Bd7 11.Bb2 b5 12.Rac1 Nxd4 13.Qxd4 Bc6 14.Rfe1 Qb7 15.Nd1 e5
16.Qd3 Nd7 17.Nc3 Nc5 18.Qe2 O-O 19.Rcd1 f5 20.f3 b4 21.Nd5 Bg5 22.Qc4 Bb5
23.Qxb4 fxe4 24.fxe4 Qf7 25.c4 Qf2+ 26.Kh1 Qxb2 27.cxb5 axb5 28.Rf1 Rxf1+
29.Rxf1 Rxa2 {#R} 0-1

[Event "It (open)"]
[Site "masterchessopen.com Ljubljana (Slovenia)"]
[Round "1"]
[White "Furlan Miha (SLO)"]
[Black "Riznar Helena (SLO)"]
[Result "1-0"]
[WhiteElo "2320"]
[BlackElo "2023"]

1.e4 c5 2.Nf3 d6 3.d4 cxd4 4.Nxd4 Nf6 5.Nc3 e6 6.g3 Be7 7.Bg2 O-O 8.O-O Nc6
9.Be3 Bd7 10.Ndb5 Qb8 11.Bf4 Ne5 12.Bg5 Bxb5 13.Nxb5 Rd8 14.Qe2 a6 15.Nd4 Qc7
16.Rad1 h6 17.Bc1 Rac8 18.f4 Ned7 19.b3 Nc5 20.c4 d5 21.exd5 exd5 22.Nf5 Bf8
23.cxd5 Re8 24.Qf3 Nce4 25.Bb2 Bc5+ 26.Kh1 Qb6 27.d6 Nf2+ 28.Rxf2 Bxf2 29.Bxf6
gxf6 30.Qg4+ {#r} 1-0

[Event "It (open) \"]
[Site "masterchessopen.com Miskolc (Hungary)"]
[Round "8"]
[White "Molnar Bela (HUN)"]
[Black "Kerek Krisztian (HUN)"]
[Result "0-1"]
[WhiteElo "2375"]
[BlackElo "2305"]

1.e4 c5 2.Nf3 d6 3.d4 cxd4 4.Nxd4 Nf6 5.Nc3 e6 6.g3 a6 7.Bg2 Qc7 8.O-O Be7
9.a4 Nc6 10.Nb3 b6 11.f4 O-O 12.g4 d5 13.exd5 Rd8 14.dxc6 Rxd1 15.Rxd1 Nxg4
16.Bf3 h5 17.Kg2 g5 18.h3 Nf6 19.fxg5 h4 20.Rd3 Qg3+ 21.Kf1 Ne8 22.Bg2 Qe5
23.Rd4 Qf5+ 24.Ke2 e5 25.Rxh4 Be6 26.Be3 Qxc2+ 27.Nd2 Qxb2 {#R} 0-1

[Event "It (open) \"]
[Site "masterchessopen.com Miskolc (Hungary)"]
[Round "4"]
[White "Molnar Bela (HUN)"]
[Black "Meszaros Andras (HUN)"]
[Result "0-1"]
[WhiteElo "2375"]
[BlackElo "2355"]

1.e4 c5 2.Nf3 d6 3.d4 cxd4 4.Nxd4 Nf6 5.Nc3 e6 6.g3 Be7 7.Bg2 O-O 8.O-O Nc6
9.a4 Qc7 10.Ndb5 Qb8 11.g4 a6 12.Na3 d5 13.g5 Nxe4 14.Nxe4 dxe4 15.Bxe4 Rd8
16.Qh5 g6 17.Qh4 Rd4 18.Re1 Rxa4 19.Bf4 e5 20.Rad1 Bf5 21.Bc1 Bxe4 22.Rxe4 Rd4
23.Rde1 Qd8 24.Nc4 Rxe4 25.Qxe4 Bxg5 26.Nb6 Bxc1 27.Nxa8 Bf4 {#R} 0-1